| 000 -LEADER |
| fixed length control field |
00610nam a2200217Ia 4500 |
| 008 - FIXED-LENGTH DATA ELEMENTS--GENERAL INFORMATION |
| fixed length control field |
200103s 1963 ||||xx |||||||||||||| ||und|| |
| 020 ## - INTERNATIONAL STANDARD BOOK NUMBER |
| International Standard Book Number |
713131896 |
| 082 ## - DEWEY DECIMAL CLASSIFICATION NUMBER |
| Classification number |
670.42 |
| Item number |
CHA |
| 100 ## - MAIN ENTRY--PERSONAL NAME |
| Personal name |
Chapman, W. A. J. |
| 245 #0 - TITLE STATEMENT |
| Title |
Workshop technology, Part. 2 |
| 250 ## - EDITION STATEMENT |
| Edition statement |
3rd |
| 260 ## - PUBLICATION, DISTRIBUTION, ETC. (IMPRINT) |
| Name of publisher, distributor, etc |
English Language Book Society |
| Date of publication, distribution, etc |
1963 |
| Place of publication, distribution, etc |
London |
| 300 ## - PHYSICAL DESCRIPTION |
| Extent |
viii, 331 p.: ill. |
| Other physical details |
E. |
| 440 ## - SERIES STATEMENT/ADDED ENTRY--TITLE |
| Title |
E. L. B. S. low-priced textbook series |
| 504 ## - BIBLIOGRAPHY, ETC. NOTE |
| Bibliography, etc |
Includes index |
| 650 ## - SUBJECT ADDED ENTRY--TOPICAL TERM |
| Topical term or geographic name as entry element |
Machine-shop practice |
| 650 ## - SUBJECT ADDED ENTRY--TOPICAL TERM |
| Topical term or geographic name as entry element |
Machine-tools |
| 650 ## - SUBJECT ADDED ENTRY--TOPICAL TERM |
| Topical term or geographic name as entry element |
Workshops |
| 650 ## - SUBJECT ADDED ENTRY--TOPICAL TERM |
| Topical term or geographic name as entry element |
Manufacturing processes |
| 942 ## - ADDED ENTRY ELEMENTS (KOHA) |
| Item type |
Books |